LEADER 01460nam 2200337z- 450 001 9910694591103321 005 20130605081658.0 035 $a(CKB)5860000000024040 035 $a(BIP)024133705 035 $a(EXLCZ)995860000000024040 100 $a20220406c2008uuuu -u- - 101 0 $aeng 200 14$aThe future of science and technology at the Department of Homeland Security $ehearing before the Subcommittee on Emerging Threats, Cybersecurity, and Science and Technology of the Committee on Homeland Security, House of Representatives, One Hundred Tenth Congress, second session, April 1, 2008 215 $a1 online resource (iii, 35 p.) $cill 311 $a0-16-081466-9 517 $aFuture of science and technology at the Department of Homeland Security 606 $aNational security$xTechnological innovations$zUnited States 606 $aResearch and development contracts, Government$zUnited States 610 $aUnited States 610 $aNational security 610 $aTechnological innovations 610 $aResearch and development contracts 610 $aPolitical science 610 $aTechnology & engineering 610 $aScience 615 0$aNational security$xTechnological innovations 615 0$aResearch and development contracts, Government 906 $aBOOK 912 $a9910694591103321 996 $aThe future of science and technology at the Department of Homeland Security$93092200 997 $aUNINA